[Event "Liberec Region-chT 2223"]
[Site "Czech Republic"]
[Date "2023.04.02"]
[Round "11.2"]
[White "Hurtik, Matej"]
[Black "Bradac, Daniel"]
[Result "1-0"]
[WhiteElo "2117"]
[BlackElo "1914"]
[PlyCount "88"]
[EventDate "2022.10.09"]
[EventType "team-tourn"]
[EventRounds "11"]
[EventCountry "CZE"]
[SourceTitle "EXT 2024"]
[Source "ChessBase"]
[SourceDate "2023.10.10"]
[SourceVersion "1"]
[SourceVersionDate "2023.10.10"]
[SourceQuality "1"]

1. e4 d5 2. exd5 Qxd5 3. Nc3 Qd8 4. Bc4 Nf6 5. Nf3 Bg4 6. Bxf7+ Kxf7 7. Ne5+ Kg8 8. Nxg4 Qd4 9. Ne3 e6 10. Qe2 Nc6 11. Ned5 Qe5 12. Qxe5 Nxe5 13. Nxc7 Rc8 14. N7b5 a6 15. Nd4 Kf7 16. Nb3 Bd6 17. h3 Nd5 18. Ne4 Be7 19. d4 Ng6 20. c3 Rhe8 21. f4 h6 22. Nbc5 Rc7 23. Nd3 Nf6 24. Ng3 Kg8 25. 0-0 b5 26. Bd2 Nd5 27. Ne4 a5 28. Rae1 b4 29. Nec5 Bxc5 30. Nxc5 e5 31. fxe5 Nxe5 32. cxb4 axb4 33. Nb3 Rc2 34. Rxe5 Rd8 35. Ref5 Nf6 36. Bxb4 Rxb2 37. Be7 Ra8 38. Ra5 Re8 39. Ra7 Ne4 40. Rf5 Nc3 41. Bf6 Ne2+ 42. Kh2 Rc8 43. Rxg7+ Kf8 44. Nc5 Nxd4 1-0

[Event "Liberec Region-chT 2223"]
[Site "Czech Republic"]
[Date "2023.03.19"]
[Round "10.1"]
[White "Zima, Jan"]
[Black "Bradac, Daniel"]
[Result "1-0"]
[WhiteElo "2175"]
[BlackElo "1981"]
[PlyCount "85"]
[EventDate "2022.10.09"]
[EventType "team-tourn"]
[EventRounds "11"]
[EventCountry "CZE"]
[SourceTitle "EXT 2024"]
[Source "ChessBase"]
[SourceDate "2023.10.10"]
[SourceVersion "1"]
[SourceVersionDate "2023.10.10"]
[SourceQuality "1"]

1. e4 d5 2. exd5 Qxd5 3. Nc3 Qd8 4. d4 Nf6 5. Nf3 Bg4 6. h3 Bxf3 7. Qxf3 c6 8. Be3 e6 9. Bd3 Bb4 10. 0-0 Nbd7 11. Ne2 Qc7 12. c4 Be7 13. Rfe1 0-0 14. Ng3 c5 15. Nh5 Nxh5 16. Qxh5 g6 17. Qf3 b6 18. dxc5 Bxc5 19. Bh6 Rfd8 20. Rad1 Be7 21. Bf4 e5 22. Be4 Rac8 23. Bd5 Kg7 24. Bb7 Bb4 25. Rxd7 Qxd7 26. Bxe5+ Kf8 27. Bxc8 Rxc8 28. Re4 Rc6 29. Qf4 Kg8 30. g4 Bd6 31. Rd4 Bxe5 32. Qxe5 Qc8 33. Qe7 Qe6 34. Rd8+ Kg7 35. Qf8+ Kf6 36. Qh8+ Kg5 37. Rd5+ f5 38. Qd4 Qe1+ 39. Kg2 Re6 40. gxf5 gxf5 41. Qg4+ Kf6 42. Rxf5+ Ke7 43. Qg7+ 1-0

[Event "Liberec Region-chT 2223"]
[Site "Czech Republic"]
[Date "2023.01.29"]
[Round "7.2"]
[White "Paldus, Petr"]
[Black "Bradac, Daniel"]
[Result "0-1"]
[WhiteElo "1974"]
[BlackElo "1962"]
[PlyCount "104"]
[EventDate "2022.10.09"]
[EventType "team-tourn"]
[EventRounds "11"]
[EventCountry "CZE"]
[SourceTitle "EXT 2024"]
[Source "ChessBase"]
[SourceDate "2023.10.10"]
[SourceVersion "1"]
[SourceVersionDate "2023.10.10"]
[SourceQuality "1"]

1. e4 d5 2. exd5 Qxd5 3. Nc3 Qd8 4. d4 Nf6 5. Nf3 Bg4 6. Be3 e6 7. Be2 c6 8. 0-0 Nbd7 9. h3 Bh5 10. g4 Bg6 11. g5 Ne4 12. Nxe4 Bxe4 13. Bd3 Bg6 14. Ne5 Nxe5 15. dxe5 Qa5 16. Bf4 0-0-0 17. Qf3 Bxd3 18. cxd3 Be7 19. Rfd1 f6 20. exf6 gxf6 21. Qe4 Qd5 22. Be3 fxg5 23. Bxa7 Rhf8 24. Be3 Qf5 25. Qxf5 exf5 26. f3 Bf6 27. Rab1 Rfe8 28. Kf2 f4 29. Bc5 Kc7 30. a4 b6 31. Bb4 Re3 32. a5 Bd4 33. a6 Rde8 34. Bc3 Re2+ 35. Kf1 Bxc3 36. bxc3 Rh2 37. Kg1 Rxh3 38. Re1 Rxe1+ 39. Rxe1 Kb8 40. Kg2 Rg3+ 41. Kf2 h5 42. Re7 b5 43. Rb7+ Ka8 44. c4 g4 45. fxg4 hxg4 46. cxb5 cxb5 47. Rxb5 Ka7 48. Ra5 Rxd3 49. Ra4 g3+ 50. Kg1 f3 51. Ra1 Rd2 52. Kf1 Rh2 0-1

[Event "CZE-chT2C 2223"]
[Site "Czech Republic"]
[Date "2022.12.18"]
[Round "5.7"]
[White "Bradac, Daniel"]
[Black "Safranek, David"]
[Result "1-0"]
[WhiteElo "1947"]
[BlackElo "1716"]
[PlyCount "56"]
[EventDate "2022.10.16"]
[EventType "team-tourn"]
[EventRounds "11"]
[EventCountry "CZE"]
[SourceTitle "EXT 2024"]
[Source "ChessBase"]
[SourceDate "2023.10.10"]
[SourceVersion "1"]
[SourceVersionDate "2023.10.10"]
[SourceQuality "1"]
[WhiteTeam "Liberec"]
[BlackTeam "Praha DDM"]
[WhiteTeamCountry "CZE"]
[BlackTeamCountry "CZE"]

1. e4 c5 2. Nf3 Nc6 3. d3 e6 4. g3 Be7 5. Bg2 d5 6. Nbd2 Nf6 7. 0-0 dxe4 8. dxe4 e5 9. c3 0-0 10. Qc2 Qc7 11. Nc4 Rd8 12. Ne3 Bf8 13. Nh4 b6 14. Nd5 Qd6 15. Bg5 Ne7 16. Nxf6+ gxf6 17. Rad1 Qc7 18. Bxf6 Ba6 19. c4 Rd6 20. Bxe5 Nc6 21. Bxd6 Bxd6 22. Rxd6 Qxd6 23. e5 Qc7 24. Nf5 Kh8 25. Qe4 Rc8 26. Nd6 Nd4 27. Qh4 Rf8 28. Qh6 Bc8 1-0

[Event "Liberec Desko op"]
[Site "Liberec"]
[Date "2021.07.22"]
[Round "7"]
[White "Kucera, Petr3333"]
[Black "Bradac, Daniel"]
[Result "1-0"]
[WhiteElo "2256"]
[BlackElo "2009"]
[PlyCount "27"]
[EventDate "2021.07.17"]
[EventType "swiss"]
[EventRounds "9"]
[EventCountry "CZE"]
[SourceTitle "CBM 203 Extra"]
[Source "ChessBase"]
[SourceDate "2021.09.30"]
[SourceVersion "1"]
[SourceVersionDate "2021.09.30"]
[SourceQuality "1"]

1. d4 d5 2. Bf4 Nf6 3. e3 Bg4 4. Nf3 e6 5. c3 Bd6 6. Nbd2 0-0 7. h3 Bxf3 8. Qxf3 h6 9. Bd3 Nbd7 10. g4 e5 11. dxe5 Nxe5 12. Bxe5 Bxe5 13. h4 Nh7 14. Bxh7+ 1-0

[Event "Liberec op 19th"]
[Site "Liberec"]
[Date "2019.02.26"]
[Round "4"]
[White "Bradac, Daniel"]
[Black "Dzikowski, Michal"]
[Result "1/2-1/2"]
[WhiteElo "2020"]
[BlackElo "2132"]
[PlyCount "90"]
[EventDate "2019.02.23"]
[EventType "swiss"]
[EventRounds "9"]
[EventCountry "CZE"]
[SourceTitle "CBM 189 Extra"]
[Source "ChessBase"]
[SourceDate "2019.06.03"]
[SourceVersion "1"]
[SourceVersionDate "2019.06.03"]
[SourceQuality "1"]

1. e4 c6 2. d4 d5 3. exd5 cxd5 4. Bd3 Nc6 5. c3 Qc7 6. Nf3 Bg4 7. h3 Bh5 8. Bg5 e6 9. Nbd2 Bd6 10. 0-0 Nge7 11. Qa4 0-0 12. Rac1 Bf4 13. Bxf4 Qxf4 14. Rfe1 a6 15. Qc2 Bg6 16. Ne5 Nxe5 17. Rxe5 Nc6 18. Re3 Rac8 19. Qb1 Na5 20. Bxg6 hxg6 21. Qd3 b5 22. b4 Nc4 23. Nxc4 Rxc4 24. g3 Qc7 25. a3 a5 26. Rc2 Rc8 27. Kg2 Qa7 28. Qe2 Qc7 29. Qd3 Ra8 30. Qe2 Qc6 31. Rf3 axb4 32. axb4 Ra3 33. Qd2 Qc7 34. Qc1 Ra4 35. Qb2 Raxb4 36. cxb4 Rxc2 37. Qa3 Rc4 38. Qa8+ Qc8 39. Qa5 Qb8 40. Rf4 Qf8 41. Qxb5 Rxb4 42. Qd7 Rb8 43. Qc7 Re8 44. Rf3 Qe7 45. Qc6 Rf8 1/2-1/2

[Event "Liberec op 19th"]
[Site "Liberec"]
[Date "2019.02.24"]
[Round "2"]
[White "Bradac, Daniel"]
[Black "Shagbazyan, Taron"]
[Result "1-0"]
[WhiteElo "2020"]
[BlackElo "2421"]
[PlyCount "81"]
[EventDate "2019.02.23"]
[EventType "swiss"]
[EventRounds "9"]
[EventCountry "CZE"]
[SourceTitle "CBM 189 Extra"]
[Source "ChessBase"]
[SourceDate "2019.06.03"]
[SourceVersion "1"]
[SourceVersionDate "2019.06.03"]
[SourceQuality "1"]

1. e4 e5 2. Nf3 Nc6 3. Bb5 a6 4. Ba4 Nf6 5. 0-0 Be7 6. d3 b5 7. Bb3 d6 8. c3 0-0 9. h3 h6 10. Nbd2 Re8 11. Re1 Bf8 12. Nf1 g6 13. a4 Rb8 14. axb5 axb5 15. Ne3 Bg7 16. Nh2 Be6 17. Neg4 Nxg4 18. Nxg4 h5 19. Nh6+ Kf8 20. Bxe6 Rxe6 21. Qf3 Qd7 22. Bg5 f6 23. g4 Ke8 24. Be3 Bxh6 25. Bxh6 hxg4 26. Qxg4 Qf7 27. Ra6 Kd7 28. Qf3 g5 29. d4 exd4 30. Rxc6 Kxc6 31. cxd4 Kb6 32. Qf5 Rh8 33. Bg7 Rh4 34. f3 Re7 35. Rc1 Qe8 36. Bxf6 Reh7 37. Kf2 Rxh3 38. d5 Rh2+ 39. Ke3 Rh1 40. Rc3 R7h2 41. Bxg5 1-0

[Event "Liberec op 18th"]
[Site "Liberec"]
[Date "2018.02.27"]
[Round "5"]
[White "Czopor, Maciej"]
[Black "Bradac, Daniel"]
[Result "1-0"]
[WhiteElo "2144"]
[BlackElo "2011"]
[PlyCount "65"]
[EventDate "2018.02.24"]
[EventType "swiss"]
[EventRounds "9"]
[EventCountry "CZE"]
[SourceTitle "CBM 183 Extra"]
[Source "ChessBase"]
[SourceDate "2018.04.19"]
[SourceVersion "1"]
[SourceVersionDate "2018.04.19"]
[SourceQuality "1"]

1. e4 d5 2. exd5 Qxd5 3. Nc3 Qd8 4. d4 Bf5 5. Nf3 Nf6 6. Bd3 Bg6 7. 0-0 e6 8. Re1 Be7 9. Bxg6 hxg6 10. Qe2 c6 11. Bd2 Nbd7 12. Rad1 Qc7 13. h3 Nd5 14. Ne4 N7f6 15. Neg5 Bd6 16. c4 Nf4 17. Bxf4 Bxf4 18. d5 Rh5 19. Ne4 cxd5 20. Nxf6+ gxf6 21. cxd5 Be5 22. dxe6 fxe6 23. Qd3 Qf7 24. Nxe5 Rxe5 25. Rxe5 fxe5 26. Qb5+ Kf8 27. Qxe5 Kg8 28. Rd4 Rf8 29. f3 Qe7 30. Rc4 Rd8 31. Rc7 Rd7 32. Rc8+ Rd8 33. Qc7 1-0

[Event "Liberec op 17th"]
[Site "Liberec"]
[Date "2017.03.04"]
[Round "9"]
[White "Bradac, Daniel"]
[Black "Trinkl, Andreas"]
[Result "1-0"]
[WhiteElo "2002"]
[BlackElo "1792"]
[PlyCount "69"]
[EventDate "2017.02.25"]
[EventType "swiss"]
[EventRounds "9"]
[EventCountry "CZE"]
[SourceTitle "CBM 177 Extra"]
[Source "ChessBase"]
[SourceDate "2017.04.27"]
[SourceVersion "1"]
[SourceVersionDate "2017.04.27"]
[SourceQuality "1"]

1. e4 c6 2. d4 d5 3. exd5 cxd5 4. Bd3 Nf6 5. Bf4 e6 6. Nf3 Be7 7. c3 0-0 8. Nbd2 Bd7 9. Qc2 Bc6 10. g4 g6 11. h4 Nxg4 12. h5 f5 13. hxg6 hxg6 14. Ne5 Nxe5 15. Bxe5 Bf6 16. Bg3 Nd7 17. f4 Kg7 18. 0-0-0 Rh8 19. Nf3 Qa5 20. Qe2 Qxa2 21. Rxh8 Rxh8 22. Qxe6 Rh3 23. Rg1 Qa5 24. Bxf5 Nf8 25. Qd6 Qa1+ 26. Bb1 Bb5 27. Ne5 Be8 28. Ng4 Nh7 29. f5 Rxg3 30. Rxg3 Bg5+ 31. Ne3 Qa6 32. Qc7+ Bf7 33. fxg6 Qf1+ 34. Kc2 Kxg6 35. Nxf1 1-0

[Event "Liberec op 17th"]
[Site "Liberec"]
[Date "2017.03.03"]
[Round "8"]
[White "Yalkanova, Merdjen"]
[Black "Bradac, Daniel"]
[Result "1-0"]
[WhiteElo "1898"]
[BlackElo "2002"]
[PlyCount "61"]
[EventDate "2017.02.25"]
[EventType "swiss"]
[EventRounds "9"]
[EventCountry "CZE"]
[SourceTitle "CBM 177 Extra"]
[Source "ChessBase"]
[SourceDate "2017.04.27"]
[SourceVersion "1"]
[SourceVersionDate "2017.04.27"]
[SourceQuality "1"]

1. d4 Nf6 2. Nf3 g6 3. Nbd2 Bg7 4. e4 d6 5. c3 0-0 6. Bc4 Nbd7 7. e5 Nh5 8. e6 Nb6 9. exf7+ Kh8 10. Bd3 Nf4 11. Bf1 Rxf7 12. g3 Nh3 13. Bxh3 Bxh3 14. Ng5 Rf8 15. Nxh3 Qd7 16. Ng5 Qf5 17. Ngf3 e5 18. 0-0 e4 19. Nh4 Qe6 20. Re1 d5 21. f3 c5 22. dxc5 Nd7 23. Nb3 Qh3 24. fxe4 Nf6 25. Qe2 Ng4 26. Qg2 Qxg2+ 27. Nxg2 Ne5 28. Nd4 Nd3 29. Re2 dxe4 30. Ne6 Rfe8 31. Nc7 1-0

[Event "Liberec op 17th"]
[Site "Liberec"]
[Date "2017.02.28"]
[Round "5"]
[White "Bradac, Daniel"]
[Black "Dupak, Jaroslav"]
[Result "1-0"]
[WhiteElo "2002"]
[BlackElo "1810"]
[PlyCount "43"]
[EventDate "2017.02.25"]
[EventType "swiss"]
[EventRounds "9"]
[EventCountry "CZE"]
[SourceTitle "CBM 177 Extra"]
[Source "ChessBase"]
[SourceDate "2017.04.27"]
[SourceVersion "1"]
[SourceVersionDate "2017.04.27"]
[SourceQuality "1"]

1. e4 e5 2. Nf3 Nc6 3. Bb5 Nge7 4. 0-0 a6 5. Ba4 d6 6. c3 Bd7 7. h3 g6 8. d4 exd4 9. cxd4 Bg7 10. Nc3 Na5 11. Bc2 c5 12. Bg5 f6 13. Bf4 Be6 14. Re1 0-0 15. dxc5 dxc5 16. Qxd8 Raxd8 17. Bc7 Nac6 18. Bxd8 Rxd8 19. Rad1 Nd4 20. Na4 Nxf3+ 21. gxf3 Rd4 22. Nxc5 1-0

[Event "Liberec op 16th"]
[Site "Liberec"]
[Date "2016.02.16"]
[Round "5"]
[White "Kaderabek, Jiri"]
[Black "Bradac, Daniel"]
[Result "1/2-1/2"]
[WhiteElo "2190"]
[BlackElo "2030"]
[PlyCount "24"]
[EventDate "2016.02.13"]
[EventType "swiss"]
[EventRounds "9"]
[EventCountry "CZE"]
[SourceTitle "CBM 170 Extra"]
[Source "ChessBase"]
[SourceDate "2016.02.25"]
[SourceVersion "1"]
[SourceVersionDate "2016.02.25"]
[SourceQuality "1"]

1. e4 c5 2. Nf3 Nc6 3. Bb5 g6 4. 0-0 Bg7 5. Re1 a6 6. Bf1 e5 7. a4 Nf6 8. Na3 0-0 9. d3 d5 10. Bg5 d4 11. Qd2 Qd7 12. c3 Na5 1/2-1/2

[Event "CZE-chT2B 1516"]
[Site "Czech Republic"]
[Date "2015.11.08"]
[Round "2.3"]
[White "Bradac, Daniel"]
[Black "Toman, Ondrej"]
[Result "0-1"]
[WhiteElo "2012"]
[BlackElo "2198"]
[PlyCount "62"]
[EventDate "2015.10.18"]
[EventType "team-tourn"]
[EventRounds "11"]
[EventCountry "CZE"]
[SourceTitle "EXT 2022"]
[Source "ChessBase"]
[SourceDate "2021.10.06"]
[SourceVersion "1"]
[SourceVersionDate "2021.10.06"]
[SourceQuality "1"]
[WhiteTeam "Turnov Zikuda III"]
[BlackTeam "Teplice"]
[WhiteTeamCountry "CZE"]
[BlackTeamCountry "CZE"]

1. e4 e6 2. d3 d5 3. Nd2 Nf6 4. g3 c5 5. Bg2 Nc6 6. Ngf3 Be7 7. 0-0 0-0 8. Re1 Qc7 9. Qe2 a6 10. a4 Rd8 11. e5 Nd7 12. Nf1 Nd4 13. Nxd4 cxd4 14. h4 Bb4 15. Bd2 Bxd2 16. Qxd2 Nxe5 17. Qf4 f6 18. Qxd4 Qxc2 19. Qb6 Re8 20. d4 Nd3 21. Re3 Qxf2+ 22. Kh1 Qxb2 23. Qxb2 Nxb2 24. Bxd5 Bd7 25. Bb3 b5 26. axb5 axb5 27. Rxa8 Rxa8 28. Bxe6+ Bxe6 29. Rxe6 Nc4 30. Ne3 Ra1+ 31. Kg2 Re1 0-1

[Event "CZE-chT2B 1415"]
[Site "Czech Republic"]
[Date "2014.11.30"]
[Round "3.6"]
[White "Bradac, Daniel"]
[Black "Hamala, Miroslav"]
[Result "1-0"]
[WhiteElo "1932"]
[BlackElo "1954"]
[PlyCount "73"]
[EventDate "2014.11.02"]
[EventType "team-tourn"]
[EventRounds "11"]
[EventCountry "CZE"]
[SourceTitle "EXT 2022"]
[Source "ChessBase"]
[SourceDate "2021.10.06"]
[SourceVersion "1"]
[SourceVersionDate "2021.10.06"]
[SourceQuality "1"]
[WhiteTeam "Liberec Lokomotiva"]
[BlackTeam "Most Chess II"]
[WhiteTeamCountry "CZE"]
[BlackTeamCountry "CZE"]

1. e4 e5 2. Nf3 Nc6 3. Bb5 a6 4. Ba4 Nf6 5. 0-0 b5 6. Bb3 Be7 7. Re1 0-0 8. c3 d5 9. exd5 Nxd5 10. Nxe5 Nxe5 11. Rxe5 Nf6 12. Re1 Bd6 13. d4 Ng4 14. g3 Nxh2 15. Qh5 Ng4 16. Bg5 Qd7 17. f3 Nf6 18. Bxf6 gxf6 19. Bc2 Qh3 20. Qxh3 Bxh3 21. Kf2 Bd7 22. Rh1 f5 23. Rh5 Rfe8 24. Bxf5 Bxf5 25. Rxf5 Re6 26. Nd2 Rh6 27. Kg2 Re8 28. Ne4 Kg7 29. a4 Rb8 30. b4 Be7 31. axb5 Rxb5 32. Rxb5 axb5 33. Ra7 Bd8 34. Rb7 c6 35. Rd7 Bb6 36. Nd6 Kf6 37. Nc8 1-0